000 00445nam a2200169Ia 4500
008 230917s9999||||xx |||||||||||||| ||und||
020 _cRS 350.00
040 _e5006577
_aMAIN
041 _aEnglish
082 _a791.430954 H176H
100 _aHameed, Javed
245 0 _aHindi cinema ke geetkar
260 _aDelhi
_bAtulya Publications
_c2019
300 _a152 p.
500 _a4350 10/01/2022 NKP22/708 12/01/2022 Main Budget
942 _cBK
999 _c4348
_d4348